000 01040nam a2200313Ia 4500
003 OSt
005 20220912144916.0
006 a|||||r|||| 00| 0
007 ta
008 220909b |||||||| |||| 00| 0 eng d
020 _a0521539412 (pbk)
024 _a65643
037 _b848, 06/10/2006, Vibha Books International
037 _cTextbook
040 _aCSL
_beng
_cCSL
041 _aeng
082 _aU287, P6 TU
100 _aDessler Andrew E
245 0 _aScience and politics of global climate change: A guide to the debate
260 _aCambridge
_bCambridge University Press
_c2006
300 _aix, 190p.
_ccm.
500 _aAppendix 180-182p.; Glossary 183-185p.; Bibliographical references 186-188p.; Index 189-190p.
650 _a Climate change
650 _a Global climate change
650 _aGeography
700 _a Parson Edward A
942 _hU287, P6 TU
_cTB
_2CC
999 _c18854
_d18854